| 000 | 00810cam a2200277 4500 | ||
|---|---|---|---|
| 008 | 090401t1998 xxu||||| |||| 00| 0 eng d | ||
| 020 | _a0862973546 | ||
| 035 | _a(Sirsi) u89268 | ||
| 041 | _aeng | ||
| 050 | _a306.6 | ||
| 110 |
_aNational Housing Federation _9695 |
||
| 245 | _aStandards and quality in development : a good practice guide. | ||
| 260 |
_aLondon _bNational Housing Federation _c1998 |
||
| 300 | _axii,170p. : ill. ; 30cm. | ||
| 350 | _a54.5 | ||
| 650 | _aMANAGEMENT-BUSINESS MANAGEMENT-DISCRIMINATION-DISABILITY DISCRIMINATION-ACCESSIBILITY | ||
| 650 | _aANTHROPOMETRIC DATA | ||
| 650 | _aCOSTS IN USE | ||
| 650 | _aDISABLED PEOPLE | ||
| 650 | _aHOUSING DESIGN | ||
| 650 | _aHOUSING STANDARDS | ||
| 650 | _aPLANS | ||
| 690 | _aHOUSING | ||
| 942 | _n0 | ||
| 948 | _c23/10/1998 | ||
| 999 |
_c97441 _d97441 |
||